Badziewnie namalowane flagi państw- QUIZ DLA GEOMEXA - Statystyki

Ogólne statystyki
  • Ten quiz został rozwiązany 47 razy
  • Średni wynik to 9 z 10
Statystyki odpowiedzi
Obrazkowy Odpowiedź % Poprawnych
Australia
100%
Hiszpania
100%
Kosowo
100%
Meksyk
100%
Nowa Zelandia
100%
Stany Zjednoczone Ameryki
100%
Urugwaj
100%
Korea Południowa
97%
Tadżykistan
61%
Wyspy Marshalla
61%
Nie znaleziono quizów pasujących do podanych kryteriów
Rozkład punktacji
Procent ludzi z każdym wynikiem
Percentyl według liczby udzielonych odpowiedzi
Twoja historia wyników
Nie rozwiązałeś tego quizu